00710nam a22002057a 4500999001900000005001700019010001300036020001200049035001300061037000900074082000800083100005400091245006900145246004500214260002400259270004300283300002100326942002800347952012900375 c170891d17089120191230114035.0 aA-645061 c4.00a- aA-645061 bBPPD a840 aا يڈ يٹر :کشمير ی لا ل ذ ا کر  aجمنا تٹ cا يڈ يٹر :کشمير ی لا ل ذ ا کر aJamuna Tat (Urdu)bby Kashmiri Lal Zakir a-c1993 ء bNaqvi  a610,Secter 16,Panchkula b-k-e134109 a96 صc22 cm(hb) 2ddccURh840mج م ن  001040708NFICaLbLd2019-12-30eBPPD/Ven.g4.00l0o840 ج م نpA-645061r2019-12-30 00:00:00t1v4.00w2019-12-30yUR